000 01224cam a2200337 a 4500
001 1090498
003 OSt
005 20220418104026.0
008 920903s1993 mau b 001 0aeng
010 _a 92056445
020 _a0877736561 (pbk. : acidfree paper) :
_c$14.00 ($18.50 Can.)
040 _aDLC
_cHU
_dDLC
043 _an-us---
050 0 0 _aQ130
_b.S48 1993
082 0 0 _a500/.82
_221
100 1 _aShepherd, Linda Jean.
_936281
245 1 0 _aLifting the veil :
_bthe feminine face of science /
_cLinda Jean Shepherd.
250 _a1st ed.
260 _aBoston :
_bShambhala,
_c1993.
300 _axv, 329 p. ;
_c23 cm.
504 _aIncludes bibliographical references (p. [309]-318) and index.
600 1 0 _aJung, C. G.
_q(Carl Gustav),
_d1875-1961.
_936282
600 1 0 _aShepherd, Linda Jean.
_936281
650 0 _aWomen in science.
_917984
650 0 _aWomen scientists.
_936283
650 0 _aFemininity.
_98148
650 0 _aBiochemists
_zUnited States
_xBiography.
_936284
906 _a7
_bcbc
_corignew
_d1
_eocip
_f19
_gy-gencatlg
942 _2ddc
_cBOOKS
_n0
999 _c35051
_d35051